Science Quiz

Random Science Quiz

Freshwater Aquarium Creatures Quiz Stats

Quiz not verified by Sporcle

Challenge
Share
Tweet
Score 0/20 Timer 08:00
1 Play Today
% Correct
Blue Discus
90.5%
Electric Blue Crayfish
90.5%
Zebra Danio
90.5%
African Clawed Frog
90.5%
Assassin Snail
89.1%
Motoro Stingray
89.1%
Dwarf Puffer
86.1%
Clown Loach
84.7%
Neon Tetra
83.2%
Black Ghost Knifefish
82.5%
% Correct
Pictus Catfish
78.1%
Silver Arowana
75.2%
Glass Catfish
73.7%
Bala Shark
73.7%
Guppy
73%
Betta
70.8%
African Butterfly Fish
70.1%
Pearl Gourami
68.6%
Oscar
65.7%
Senegal Bichir
62.8%

You're not logged in!

Compare scores with friends on all Sporcle quizzes.
Sign Up with Email
OR
Log In

You Might Also Like...

Show Comments

Extras

Top Quizzes Today


Score Distribution

Your Account Isn't Verified!

In order to create a playlist on Sporcle, you need to verify the email address you used during registration. Go to your Sporcle Settings to finish the process.

Report this User

Report this user for behavior that violates our Community Guidelines.

Details: